Arte público y espacio político

Đã lưu trong:
Chi tiết về thư mục
Tác giả chính: Duque, Félix (Tác giả)
Định dạng: Sách
Ngôn ngữ:Tiếng Tây Ban Nha
Được phát hành: Madrid Akal 2001
Loạt:Arte y Estética, 61
Những chủ đề:
Các nhãn: Thêm thẻ
Không có thẻ, Là người đầu tiên thẻ bản ghi này!

MARC

LEADER 00000nam a2200000 a 4500
001 UCK2683
003 CL-VaPUC
008 050311e20010000SP |||||||||||||||||spa|d
020 |a 8446014610 
082 0 4 |a 701.17  |b DUQ  |2 21 
100 0 |a Duque, Félix  |e author  |9 245661 
245 1 0 |a Arte público y espacio político 
300 |a 174 p 
942 |c BK 
945 |d 20050311 00:00:00  |a cmena 
260 |a Madrid  |b Akal  |c 2001 
650 0 |a Filosofía del arte  |9 264951 
650 0 |a Estética   |9 264950 
650 0 |a Filosofía alemana   |9 265002 
583 |a last modification  |c 20050311 00:00:00  |k Rodrigo Vera 
490 0 |a Arte y Estética, 61 
999 |c 312115  |d 312113 
952 |0 0  |1 0  |4 0  |6 701_170000000000000_DUQ_2001  |7 0  |8 A  |9 381997  |a BIBART  |b BIBART  |d 2019-11-21  |i 4184297  |l 1  |o 701.17 DUQ 2001  |p 4184297  |q 2025-07-31  |r 2025-04-01  |s 2025-04-01  |w 2019-11-21  |y BK  |k ART